000 00529nam a22001937a 4500
003 OSt
005 20241211110914.0
008 241211b |||||||| |||| 00| 0 eng d
020 _a006045704X
040 _aMUST
_cMUST
082 _222
_a338.5 SAL 1991
100 _aSalvatore, Dominick
_97686
245 _amicroeconomics/
_cDominick Salvatore
260 _bHArperCollinsPublishers
_c1991
300 _axxxii, 643p.
_c24cm
504 _aIncludes appendix, Glossary and index
650 _2Macroeconomics
942 _2ddc
_cO_SHELF
999 _c9496
_d9496